Краткая история китайских войн

Bibliographische Detailangaben
Weitere Verfasser: Цзу Бянь (составитель)
Zusammenfassung:Книга на китайском языке.
Sprache:Chinesisch
Veröffentlicht: Пекин, Освободительная армия, 2005
Schlagworte:
Format: MixedMaterials Buch
KOHA link:https://koha.lib.tpu.ru/cgi-bin/koha/opac-detail.pl?biblionumber=117916

MARC

LEADER 00000nam0a2200000 4500
001 117916
005 20231101215432.0
010 |a 7506521490 
035 |a (RuTPU)RU\TPU\book\127627 
090 |a 117916 
100 |a 20070606d2005 m y0rusy50 ea 
101 0 |a chi 
102 |a CN 
105 |a ab z 000zy 
200 1 |a Краткая история китайских войн  |f сост. Цзу Бянь 
210 |a Пекин  |c Освободительная армия  |d 2005 
215 |a 490 с.  |c ил. 
300 |a Книга на китайском языке. 
606 1 |a Китай  |x История  |2 stltpush  |3 (RuTPU)RU\TPU\subj\68362  |9 83751 
610 1 |a история 
610 1 |a Китай 
610 1 |a войны 
610 1 |a внешняя политика 
686 |a Т3(5Кит)  |v LBC/SL-A  |2 rubbk 
702 0 |a Цзу Бянь  |4 220 
801 1 |a RU  |b 63413507  |c 20070606  |g PSBO 
801 2 |a RU  |b 63413507  |c 20220530  |g PSBO 
942 |c BK